000
00303nam a2200121Ia 4500
008
220204s9999 xx 000 0 und d
082
_a
301.108.54
_b
PAR
100
_a
PARKINSON, Northcote C
245
0
_a
Incentives and penalities
260
_a
Bombay
_b
Jaico
_c
1978
650
_a
Incentives
942
_c
BK
999
_c
31068
_d
31068